LEADER 01011nam2-22003131i-450- 001 990000226790403321 035 $a000022679 035 $aFED01000022679 035 $a(Aleph)000022679FED01 035 $a000022679 100 $a20011111d--------km-y0itay50------ba 101 0 $aita 105 $ay-------001yy 200 1 $a1. : Grundbau, steinkonstruktionen,holzkonstruktionen, eisenkonstrukionen, eisenbetonkonstrukionen / bearbeitetvon L. Brennecke.... XXII,825 p. : ill. 205 $a8. aufl. 210 $aLeipzig$cW$cEngelmann$d1922- 215 $av.$d27 cm 461 0$1001000011321$12001$aLehrbuch des hochbaues 610 0 $aCostruzioni 676 $a624 702 1$aEsselborn 801 0$aIT$bUNINA$gRICA$2UNIMARC 901 $aBK 912 $a990000226790403321 952 $a13 M 24 24$b21935$fFINBC 959 $aFINBC 996 $a1. : Grundbau, steinkonstruktionen,holzkonstruktionen, eisenkonstrukionen, eisenbetonkonstrukionen$9122877 997 $aUNINA DB $aING01 LEADER 01304cam--2200421---450- 001 990003225990203316 005 20130604114425.0 010 $a978-88-452-6743-7 035 $a000322599 035 $aUSA01000322599 035 $a(ALEPH)000322599USA01 035 $a000322599 100 $a20090423d2011----km-y0itay50------ba 101 0 $aita 102 $aIT 105 $ay|||z|||001yy 200 1 $aViaggio nella Grecia antica$fCesare Brandi 210 $aMilano$cBompiani$d2011 215 $a144 p.$d20 cm 225 2 $aTascabili Bompiani$v438 410 0$12001$aTascabili Bompiani$v438 606 0 $aViaggi$yGrecia$xDescrizioni$2BNCF 676 $a914.950476 700 1$aBRANDI,$bCesare$011179 801 0$aIT$bsalbc$gISBD 912 $a990003225990203316 951 $aXII.2.D. 996$b232844 L.M.$cXII.2.D.$d00307896 959 $aBK 969 $aUMA 979 $aALESSANDRA$b90$c20090423$lUSA01$h1100 979 $aALESSANDRA$b90$c20090423$lUSA01$h1104 979 $aALESSANDRA$b90$c20090423$lUSA01$h1104 979 $aPATRY$b90$c20100824$lUSA01$h1650 979 $aANNAMARIA$b90$c20120307$lUSA01$h1158 979 $aANNAMARIA$b90$c20120307$lUSA01$h1329 979 $aANNAMARIA$b90$c20130604$lUSA01$h1144 996 $aViaggio nella Grecia antica$999495 997 $aUNISA